| 000 | 00571nam a22002057a 4500 | ||
|---|---|---|---|
| 005 | 20251108170020.0 | ||
| 008 | 250721s1995 xx 000 0 ara d | ||
| 082 | 1 | 4 | _a214.64/درو |
| 100 | 1 | _aدرويش، مصطفى | |
| 245 | 1 | 0 | _aالجاهلية و الجاهليون / |
| 264 | 1 |
_aالشارقة : _bدار الفتح، _c1995. |
|
| 300 | _a111ص | ||
| 650 | 1 | 7 | _aالإيمان |
| 650 | 1 | 7 | _aالشرك |
| 650 | 1 | 7 | _aالكفر |
| 650 | 1 | 7 | _aالتاريخ العربي |
| 650 | 1 | 7 | _aالتاريخ الإسلامي |
| 942 |
_2ddc _cBK |
||
| 999 |
_c37441 _d37441 |
||